000 00890nam a2200217Ia 4500
001 11117
003 GE_BSU
008 181216s||||||||xx |||||||||||||| ||und||
040 _cGE_BSU
080 _a633/635(213.2):632.2/4
100 _aმკერვალი,ვ
245 _aსუბტროპიკული კულტურების დაავადებანი და მათთან ბრძოლა
245 _cრედ:ო.ცინცაძე; მხატვ:კ.ტუხაშვილი.
260 _aთბილისი.
260 _bსაბჭოთა საქართველო.
260 _c1985.
300 _a136გვ;20სმ.
300 _eილ;
653 _aსუბტროპიკული კულტურების დაავადებანი და მათთან ბრძოლა
942 _cBK
999 _c44356
_d44356